Statistics for United States Navy Fast Battleships

Click here to take the quiz!

General Stats

  • This quiz has been taken 140 times
  • The average score is 8 of 10

Answer Stats

HintAnswer% Correct
Iowa-ClassIowa
97%
South Dakota-ClassSouth Dakota
92%
Iowa-ClassMissouri
91%
North Carolina-ClassNorth Carolina
89%
Iowa-ClassNew Jersey
86%
Iowa-ClassWisconsin
84%
North Carolina-ClassWashington
75%
South Dakota-ClassAlabama
71%
South Dakota-ClassMassachusetts
65%
South Dakota-ClassIndiana
63%

Score Distribution

Percentile by Number Answered

Percent of People with Each Score

Your Score History

You have not taken this quiz